South American Countries English to Turkish - Statistics

General Stats
  • This quiz has been taken 431 times
    424 since last reset
  • The average score is 12 of 13
Answer Stats
English Türkçe % Correct
Brazil Brezilya
99%
Argentina Arjantin
98%
Peru Peru
98%
Colombia Kolombiya
97%
Uruguay Uruguay
97%
Bolivia Bolivya
96%
Paraguay Paraguay
96%
Venezuela Venezuela
96%
Ecuador Ekvador
95%
Chile Şili
95%
Guyana Guyana
92%
Suriname Surinam
89%
French Guiana Fransız Guyanası
69%
No matching quizzes found
Score Distribution
Percent of People with Each Score
Percentile by Number Answered
Your Score History
You have not taken this quiz since the last reset